Men and centuries of European civilization / (Record no. 21272)
[ view plain ]
| 000 -LEADER | |
|---|---|
| fixed length control field | 00950cam a2200301 4500 |
| 001 - CONTROL NUMBER | |
| control field | 21272 |
| 003 - CONTROL NUMBER IDENTIFIER | |
| rucl marc code | BD-RjUL |
| 005 - DATE AND TIME OF LATEST TRANSACTION | |
| control field | 20211209000652.0 |
| 008 - FIXED-LENGTH DATA ELEMENTS--GENERAL INFORMATION | |
| fixed length control field | 140304s1948 nyuabc b 001 0 eng |
| 035 ## - SYSTEM CONTROL NUMBER | |
| System control number | (OCoLC)ocm00392277 |
| System control number | (BD-RjUL)21336 |
| System control number | (NNC)1771347 |
| 040 ## - CATALOGING SOURCE | |
| Original cataloging agency | DLC |
| Transcribing agency | WSU |
| Modifying agency | OCL |
| -- | SER |
| -- | ZCU |
| -- | BD-RjUL |
| Language of cataloging | eng |
| 041 ## - LANGUAGE CODE | |
| Language code of text/sound track or separate title | eng |
| 082 00 - DEWEY DECIMAL CLASSIFICATION NUMBER | |
| Classification number | 940 |
| Author mark and year | BRM 1948 |
| 100 1# - MAIN ENTRY--PERSONAL NAME | |
| Personal name | Brown, Louise Fargo. |
| 9 (RLIN) | 65768 |
| 245 10 - TITLE STATEMENT | |
| Title | Men and centuries of European civilization / |
| Statement of responsibility, etc. | Louise Fargo Brown and George Barr Carson, Jr. |
| 250 ## - EDITION STATEMENT | |
| Edition statement | [1st ed.] |
| 260 ## - PUBLICATION, DISTRIBUTION, ETC. (IMPRINT) | |
| Place of publication, distribution, etc. | New York : |
| Name of publisher, distributor, etc. | A. A. Knopf, |
| Date of publication, distribution, etc. | 1948. |
| 300 ## - PHYSICAL DESCRIPTION | |
| Pagination | xxiii, 628, xvi p. : |
| Illustrations | illus., ports., maps. ; |
| Size | 22 cm. |
| 504 ## - BIBLIOGRAPHY, ETC. NOTE | |
| Bibliography, etc | Bibliography: p. [583]-628 and index. |
| 651 #0 - SUBJECT ADDED ENTRY--GEOGRAPHIC NAME | |
| Geographic name | Europe |
| General subdivision | History. |
| 9 (RLIN) | 65769 |
| Geographic name | Europe |
| General subdivision | Civilization. |
| 9 (RLIN) | 34553 |
| 700 1# - ADDED ENTRY--PERSONAL NAME | |
| Personal name | Carson, George Barr, |
| Dates associated with a name | 1915-, |
| Relator term | author. |
| 942 ## - ADDED ENTRY ELEMENTS (KOHA) | |
| Source of classification or shelving scheme | Dewey Decimal Classification |
| Koha item type | Books |
| Lost status | Source of classification or shelving scheme | Damaged status | Not for loan | Collection code | Permanent Location | Current Location | Shelving location | Date acquired | Source of acquisition | Total Checkouts | Full call number | Date last seen | Copy number | Koha item type |
|---|---|---|---|---|---|---|---|---|---|---|---|---|---|---|
| Dewey Decimal Classification | Added to bundle | Non-fiction | Central Library, University of Rajshahi | Central Library, University of Rajshahi | Reading Room | 22/08/1956 | Asia foundation | 940 BRM 1948 | 04/03/2014 | C-1 | Books |